Los Guerrilleros gallegos de 1809 (Record no. 154870)

MARC details
000 -LEADER
campo de control de longitud fija 01232nam a22002775i 4500
001 - NÚMERO DE CONTROL
campo de control 154870
003 - IDENTIFICADOR DE NÚMERO DE CONTROL
campo de control ES-MaACL
005 - FECHA Y HORA DE LA ÚLTIMA TRANSACCIÓN
campo de control 20240229062726.0
008 - DATOS DE LONGITUD FIJA--INFORMACIÓN GENERAL
campo de control de longitud fija 990701s1892 sp |||| | spa d
040 ## - FUENTE DE CATALOGACIÓN
Centro catalogador/agencia de origen GA
Lengua de catalogación spa
Centro/agencia transcriptor CCPB | 3D
245 04 - MENCIÓN DEL TÍTULO
Título Los Guerrilleros gallegos de 1809
Resto del título : cartas y relaciones escritas por testigos oculares /
Mención de responsabilidad, etc. publicadas en los años de 1809 y 1810 por D. Manuel Pardo de Andrade ; y reimpresas por A.M.S.
260 ## - PUBLICACIÓN, DISTRIBUCIÓN, ETC.
Lugar de publicación, distribución, etc. La Coruña :
Nombre del editor, distribuidor, etc. Andrés Martínez,
Fecha de publicación, distribución, etc. 1892 (
Fabricante Tipografía de la Casa de Misericordia)
300 ## - DESCRIPCIÓN FÍSICA
Extensión 2 v. ;
Dimensiones 19 cm.
490 1# - MENCIÓN DE SERIE
Mención de serie Biblioteca gallega ;
Designación de volumen o secuencia 30, 32
530 ## - NOTA DISPONIBLE DE FORMULARIO FÍSICO ADICIONAL
Nota de formato físico adicional disponible Disponible en formato digital.
597 ## - NOTA DE DESCRIPCIÓN FÍSICA
NOTA DE DESCRIPCIÓN FÍSICA V. I: ([14], 234) -- v. II: (VIII, 192 p.)
650 #4 - PUNTO DE ACCESO ADICIONAL DE MATERIA--TÉRMINO DE MATERIA
Término de materia o nombre geográfico como elemento de entrada Guerrilleros-
Subdivisión geográfica Galicia-
Subdivisión de forma Historia.
9 (RLIN) 157911
651 #4 - PUNTO DE ACCESO ADICIONAL DE MATERIA--NOMBRE GEOGRÁFICO
Nombre geográfico Galicia-
Subdivisión general Historia-
Subdivisión cronológica S.XIX.
9 (RLIN) 8733
651 #4 - PUNTO DE ACCESO ADICIONAL DE MATERIA--NOMBRE GEOGRÁFICO
Nombre geográfico España-
Subdivisión general Historia-
Subdivisión cronológica 1808-1814, Guerra de la Independencia
9 (RLIN) 8244
700 21 - ENTRADA AGREGADA--NOMBRE PERSONAL
Nombre de persona Martínez Salazar, Andrés.
9 (RLIN) 78401
700 1# - ENTRADA AGREGADA--NOMBRE PERSONAL
Nombre de persona Pardo de Andrade, Manuel.
9 (RLIN) 130834
830 0# - PUNTO DE ACCESO ADICIONAL DE SERIE-TÍTULO UNIFORME
Título uniforme Biblioteca gallega ;
Designación de volumen o secuencia 30, 32
9 (RLIN) 180864
852 ## - LOCALIZACIÓN
Ubicación ES-MaACL
Número de control de estantería G-8499-8500
Nota libre -- Enc. hol.
856 ## - LOCALIZACIÓN Y ACCESO ELECTRÓNICOS
Identificador Uniforme de Recursos <a href="http://bdh-rd.bne.es/viewer.vm?id=0000174034&page=1 ">http://bdh-rd.bne.es/viewer.vm?id=0000174034&page=1 </a>
Nota pública Biblioteca Digital Hispánica
Holdings
Estatus retirado Estado de pérdida Estado de daño No para préstamo Colección Biblioteca de origen Biblioteca actual Ubicación en estantería Fecha de adquisición Fuente de adquisición Total de préstamos Signatura topográfica completa Código de barras Visto por última vez Precio de reemplazo Tipo de ítem Koha
        Colección digital Biblioteca del Ateneo de Madrid Biblioteca del Ateneo de Madrid Sala Pecera Planta 3 17/01/2008     G-8499-8500 1161994 23/02/2023 23/02/2023 Libro impreso antiguo